Change in Byzantine culture in the eleventh and twelfth centuries

Αποθηκεύτηκε σε:
Λεπτομέρειες βιβλιογραφικής εγγραφής
Κύριος συγγραφέας: Kazhdan, A. P. (Aleksandr Petrovich), 1922-1997
Άλλοι συγγραφείς: Wharton, Annabel Jane
Μορφή: Βιβλίο
Γλώσσα:English
Δημοσίευση: Berkeley : University of California Press, 1985.
Σειρά:Transformation of the classical heritage ; 7
Θέματα:
Ετικέτες: Προσθήκη ετικέτας
Δεν υπάρχουν, Καταχωρήστε ετικέτα πρώτοι!

MARC

LEADER 00000cam a2200000 i 4500
001 1/69013
008 931210s1985 cau| ||| |||| ||eng||
020 |a 0520069625 
035 |a ΛΕΣΒΟΣb10002170  |l 10002170 
040 |a GR-MyUa  |b gre  |e AACR2 
041 0 |a eng 
082 7 |a 938.3   |2 (21) 
100 1 |a Kazhdan, A. P.   |q (Aleksandr Petrovich),   |d 1922-1997. 
245 1 0 |a Change in Byzantine culture in the eleventh and twelfth centuries /   |c A.P. Kazhdan, Ann Wharton Epstein. 
260 |a Berkeley :   |b University of California Press,   |c 1985. 
300 |a 287 σ. ;   |b εικ. 
490 1 |a (Transformation of the classical heritage ;   |v 7) 
500 |a Περιλαμβάνει ευρετήριο. 
651 0 |a Byzantine Empire  |x Civilization  |y 527-1081. 
651 0 |a Byzantine Empire  |x Civilization  |y 1081-1453. 
700 1 |a Wharton, Annabel Jane. 
767 0 8 |i Μεταφρασμένο ως:   |t Αλλαγές στον βυζαντινό πολιτισμό κατά τον 11ο και τον 12ο αιώνα /  
830 0 |a Transformation of the classical heritage ;  |v 7 
852 |a INST  |b LESVOS  |e 19931210  |h 938.3 KAZ  |p 005100010351  |q 005100010351  |t BK  |y 0